El motor diesel
Gorde:
| Egile nagusia: | |
|---|---|
| Formatua: | Liburua |
| Hizkuntza: | gaztelania |
| Argitaratua: |
Barcelona
Ceac
1977
|
| Edizioa: | 7a. ed |
| Saila: | Enciclopedia Ceac del Motor y Automóvil
|
| Gaiak: | |
| Etiketak: |
Etiketa erantsi
Etiketarik gabe, Izan zaitez lehena erregistro honi etiketa jartzen!
|
MARC
| LEADER | 00000nam a2200000 a 4500 | ||
|---|---|---|---|
| 001 | UCP1566 | ||
| 003 | CL-VaPUC | ||
| 008 | 990416e19770000SP |||||||||||||||||spa|d | ||
| 082 | 0 | 4 | |a 621.436 |b VIL |2 21 |
| 100 | 0 | |a Villalta Esquius, Juan |e author |9 427676 | |
| 245 | 1 | 3 | |a El motor diesel |
| 250 | |a 7a. ed | ||
| 300 | |a 536 p | ||
| 942 | |c BK | ||
| 945 | |d 19990416 00:00:00 |a cmena | ||
| 260 | |a Barcelona |b Ceac |c 1977 | ||
| 650 | 0 | |a Motores |9 334293 | |
| 650 | 0 | |a Motores Diésel |9 271572 | |
| 650 | 7 | |a INYECTORES |2 CL-VaPUC |9 427356 | |
| 650 | 7 | |a BOMBAS |2 CL-VaPUC |9 259418 | |
| 650 | 0 | |a Combustibles |9 271720 | |
| 583 | |a last modification |c 19990416 00:00:00 |k Rodrigo Vera | ||
| 490 | 0 | |a Enciclopedia Ceac del Motor y Automóvil | |
| 999 | |c 280234 |d 280232 | ||
| 952 | |0 0 |1 0 |4 0 |6 621_436000000000000_VIL_1977 |7 0 |8 A |9 320476 |a BIBMEC |b BIBMEC |d 2019-11-20 |i 134191K |o 621.436 VIL 1977 |p 134191K |r 2024-01-19 |w 2019-11-20 |y BK |k MEC | ||